000 00231nam a22000857a 4500
008 161031b xxu||||| |||| 00| 0 eng d
100 _9991
_aMishra.A.etal.
245 _aBasic Science-VIII
260 _aNew Delhi
_bBharati Publications
_c2012
999 _c3650
_d3650